000 00998nam a22002415i 4500
001 163638
003 ES-MaACL
005 20250718062547.0
008 050715s1899 fr | |||||||| ||fre d
040 _aCAM
_bspa
_cCAM
100 1 _aRoberty, Eugène de.
_997861
245 1 4 _aLes fondements de l'éthique
_b: troisième essai sur la morale consiérée comme sociologie élémentaire /
_cpar E. de Roberty.
250 _a2e éd.
260 _aParis :
_bFélix Alcan éditeur,
_c1899 (
_eCoulommiers :
_fImp. Paul Brodard)
300 _aVI, 204 p. ;
_c18 cm.
490 1 _aBibliothèque de philosophie contemporaine. L'étique ;
_v3
598 _aLa primera serie consta en la cub. original, la segunda en port. y el nº en antep.
650 7 _aÉtica
_2embne
_912577
752 _aFrancia -
_dParís
830 0 _aBibliothèque de philosophie contemporaine. L'étique ;
_v3
_9222291
852 _aES-MaACL
_jF-11722
_z-- Enc. hol. conservando la cub. original
999 _c163638
_d163638